[Event "II ShakkiNet Int. GM-group"]
[Site "Helsinki"]
[Date "2000.07.10"]
[Round "1"]
[White "Sepp, Olav"]
[Black "Yrjola, Jouni"]
[Result "1/2-1/2"]
[WhiteElo "2439"]
[BlackElo "2442"]
[PlyCount "38"]

1. e4 c5 2. Nc3 Nc6 3. g3 g6 4. Bg2 Bg7 5. d3 d6 6. Be3 e6 7. Qd2 Qa5 8. Nf3
Nd4 9. O-O Bd7 10. a4 a6 11. Bxd4 cxd4 12. Ne2 Qxd2 13. Nxd2 Rc8 14. Nc4 Ke7
15. Rfc1 Rc7 16. Nb6 Nf6 17. c3 dxc3 18. bxc3 Bc6 19. Nd4 Nd7 1/2-1/2

[Event "II ShakkiNet Int. GM-group"]
[Site "Helsinki"]
[Date "2000.07.10"]
[Round "1"]
[White "Agopov, Mikael"]
[Black "Anka, Emil"]
[Result "1-0"]
[WhiteElo "2399"]
[BlackElo "2451"]
[PlyCount "89"]

1. Nf3 Nf6 2. c4 b6 3. g3 Bb7 4. Bg2 e6 5. Nc3 Be7 6. O-O O-O 7. d4 Ne4 8. Bd2
Bf6 9. Rc1 c5 10. d5 exd5 11. cxd5 Nxd2 12. Nxd2 d6 13. Nc4 Ba6 14. b3 b5 15.
Ne3 Nd7 16. Nf5 Nb6 17. Ne4 Be7 18. Qd2 g6 19. Nxe7+ Qxe7 20. Qa5 Bb7 21. Qxb5
Bxd5 22. Qd3 Bxe4 23. Bxe4 Rad8 24. Rfd1 d5 25. Bf3 Rd7 26. Qb5 Rc8 27. a4 Rb7
28. Qa6 Re8 29. a5 Nc8 30. Rxd5 Rxb3 31. Rcxc5 Rb8 32. h4 Rd8 33. Rxd8+ Qxd8
34. Bg4 Qd1+ 35. Kh2 Nd6 36. Qd3 Qf1 37. Qf3 Ne4 38. Rc7 f5 39. Bh3 Qe1 40. Qd3
Qxf2+ 41. Bg2 Kh8 42. Qa3 Qe1 43. Bxe4 fxe4 44. Qe3 Rd8 45. Qf4 1-0

[Event "II ShakkiNet Int. GM-group"]
[Site "Helsinki"]
[Date "2000.07.10"]
[Round "1"]
[White "Karttunen, Mika"]
[Black "Norri, Joose"]
[Result "0-1"]
[WhiteElo "2399"]
[BlackElo "2408"]
[PlyCount "82"]

1. d4 f5 2. g3 Nf6 3. Bg2 g6 4. b4 Bg7 5. Bb2 O-O 6. c4 d6 7. Qb3 e6 8. Nf3 Qe7
9. O-O Ne4 10. Nc3 Nc6 11. d5 Nxc3 12. Bxc3 Nd8 13. Bxg7 Kxg7 14. dxe6 Bxe6 15.
Nd4 Bf7 16. e4 Qf6 17. Rad1 fxe4 18. Bxe4 c6 19. b5 Rc8 20. bxc6 Nxc6 21. Nxc6
bxc6 22. Qa4 Qe6 23. Bd3 Rc7 24. Qa5 Rd7 25. h4 d5 26. h5 Qf6 27. Be4 Re7 28.
Bg2 dxc4 29. Qc5 gxh5 30. Rd6 Re6 31. Rd7 h4 32. g4 Re5 33. Qd4 Kg8 34. f4 Re6
35. Qxa7 Re2 36. Rf2 Qa1+ 37. Bf1 Rxf2 38. Qxf2 c3 39. Qd4 h3 40. Qd1 Qxa2 41.
Bxh3 c2 0-1

[Event "II ShakkiNet Int. GM-group"]
[Site "Helsinki"]
[Date "2000.07.10"]
[Round "1"]
[White "Nyysti, Sampsa"]
[Black "Solozhenkin, Evgeniy"]
[Result "0-1"]
[WhiteElo "2305"]
[BlackElo "2504"]
[PlyCount "146"]

1. e4 c6 2. d4 d5 3. e5 Bf5 4. Nf3 e6 5. Be2 c5 6. O-O cxd4 7. Nxd4 Ne7 8. c4
Nbc6 9. Nxf5 Nxf5 10. cxd5 Qxd5 11. Qxd5 exd5 12. Bd3 Nfd4 13. Nc3 O-O-O 14.
Re1 Be7 15. Ne2 Ne6 16. Bf5 g6 17. Bh3 Kb8 18. Bxe6 fxe6 19. Nf4 Bb4 20. Rd1
Rde8 21. Nd3 Bf8 22. Bf4 h6 23. Rac1 g5 24. Bg3 Be7 25. Re1 Rhf8 26. f3 Rc8 27.
Bf2 b6 28. Be3 Kb7 29. h4 gxh4 30. Bxh6 Rf5 31. Kf2 Rg8 32. Bd2 h3 33. g3 Nd4
34. Bf4 Bg5 35. Rh1 Bxf4 36. Nxf4 Rxe5 37. Rxh3 Rg7 38. Rch1 Reg5 39. Re1 Re7
40. Rh6 Rxg3 41. Kxg3 Nf5+ 42. Kg4 Nxh6+ 43. Kg5 Ng8 44. Rxe6 Rxe6 45. Nxe6 Kc6
46. f4 Kd6 47. Nd4 Kc5 48. Nf3 d4 49. f5 Kd5 50. Kf4 Nf6 51. Nd2 Nd7 52. Ne4 a5
53. Nd2 b5 54. b3 a4 55. bxa4 bxa4 56. Kg5 d3 57. f6 Kd4 58. f7 Kc3 59. Ne4+
Kc2 60. Kf4 d2 61. Nxd2 Kxd2 62. Ke4 a3 63. Kd4 Kc2 64. Ke3 Kb2 65. Kd2 Kxa2
66. Kc2 Nf8 67. Kc1 Kb3 68. Kb1 Ne6 69. Ka1 Nd4 70. f8=Q Nc2+ 71. Kb1 a2+ 72.
Kc1 a1=Q+ 73. Kd2 Qe1+ 0-1

[Event "II ShakkiNet Int. GM-group"]
[Site "Helsinki"]
[Date "2000.07.11"]
[Round "2"]
[White "Anka, Emil"]
[Black "Karttunen, Mika"]
[Result "0-1"]
[WhiteElo "2451"]
[BlackElo "2399"]
[PlyCount "64"]

1. e4 c5 2. Nf3 e6 3. d4 cxd4 4. Nxd4 a6 5. Bd3 Nf6 6. O-O Qc7 7. c4 Nc6 8.
Nxc6 dxc6 9. f4 e5 10. f5 Bc5+ 11. Kh1 h5 12. Qe2 Ng4 13. Nc3 Qd8 14. Nd1 Nxh2
15. g3 Nxf1 16. Qxf1 g6 17. Ne3 g5 18. Nc2 g4 19. b4 Bf8 20. Kg2 h4 21. Be3
hxg3 22. f6 Rh2+ 23. Kxg3 Rh3+ 24. Kg2 Rf3 25. Qe2 Qxf6 26. Rh1 Rh3 27. Rxh3
gxh3+ 28. Kh1 Bh6 29. Bb6 Qg6 30. Ne1 Bg4 31. Qf2 Bf4 32. Be2 Qxe4+ 0-1

[Event "II ShakkiNet Int. GM-group"]
[Site "Helsinki"]
[Date "2000.07.11"]
[Round "2"]
[White "Yrjola, Jouni"]
[Black "Agopov, Mikael"]
[Result "1-0"]
[WhiteElo "2442"]
[BlackElo "2399"]
[PlyCount "69"]

1. c4 Nf6 2. Nc3 c6 3. Nf3 d5 4. e3 e6 5. Qc2 Nbd7 6. b3 Bd6 7. Bb2 O-O 8. Be2
a6 9. d4 b5 10. O-O Qe7 11. Rad1 Bb7 12. e4 b4 13. e5 bxc3 14. exd6 Qxd6 15.
Qxc3 c5 16. dxc5 Nxc5 17. Qa5 Nce4 18. cxd5 Nxd5 19. Bd3 Qc5 20. Qe1 Ndf6 21.
Ne5 Rfd8 22. Rc1 Qb6 23. Qe2 Rac8 24. Nc4 Qc6 25. f3 Nc5 26. Bb1 Nd5 27. Qe5
Nf6 28. Qg3 Qc7 29. Be5 Qe7 30. Bd6 Qe8 31. Nb6 Nh5 32. Qh4 Nd3 33. Rxc8 Bxc8
34. Nxc8 Nhf4 35. Bxf4 1-0

[Event "II ShakkiNet Int. GM-group"]
[Site "Helsinki"]
[Date "2000.07.12"]
[Round "3"]
[White "Sepp, Olav"]
[Black "Sammalvuo, Tapani"]
[Result "0-1"]
[WhiteElo "2439"]
[BlackElo "2388"]
[PlyCount "80"]

1. Nf3 f5 2. c4 Nf6 3. Nc3 g6 4. d3 d6 5. e4 e5 6. exf5 gxf5 7. d4 Qe7 8. dxe5
dxe5 9. Bg5 c6 10. Qd2 h6 11. Bh4 Bg7 12. O-O-O O-O 13. h3 Na6 14. Qe3 Re8 15.
g4 f4 16. Qd2 e4 17. Nd4 Qe5 18. Rg1 Nh7 19. Nf5 Bxf5 20. gxf5 Nc5 21. Qd6 Kh8
22. Qxe5 Bxe5 23. Kc2 a5 24. Rg6 h5 25. Rh6 Kg7 26. Rxh5 Nf6 27. Rg5+ Kf7 28.
Rg6 Rg8 29. Re1 Bxc3 30. Kxc3 Rxg6 31. fxg6+ Kxg6 32. Be2 Rh8 33. Bxf6 Kxf6 34.
Bg4 Ke5 35. b3 f3 36. Rd1 Nd3 37. Rf1 Kf4 38. a3 c5 39. Be6 Nxf2 40. Bd5 e3 0-1

[Event "II ShakkiNet Int. GM-group"]
[Site "Helsinki"]
[Date "2000.07.12"]
[Round "3"]
[White "Agopov, Mikael"]
[Black "Gavrikov, Viktor"]
[Result "1/2-1/2"]
[WhiteElo "2399"]
[BlackElo "2549"]
[PlyCount "82"]

1. e4 c5 2. Nf3 d6 3. d4 Nf6 4. Nc3 cxd4 5. Nxd4 e6 6. g4 h6 7. h4 Be7 8. Qf3
Nc6 9. Bb5 Bd7 10. Bxc6 bxc6 11. g5 hxg5 12. hxg5 Rxh1+ 13. Qxh1 Ng4 14. Qh3
Qb6 15. Qxg4 Qxd4 16. g6 f5 17. Qf3 Bf6 18. exf5 exf5 19. Bd2 Qg4 20. Qxg4 fxg4
21. Bf4 d5 22. Kd2 Bf5 23. Re1+ Kf8 24. Na4 Bxg6 25. Nc5 Bxb2 26. Rb1 Bf6 27.
Nd7+ Ke7 28. Rb7 Ke6 29. Nxf6 gxf6 30. Rc7 Be8 31. Rg7 f5 32. Rh7 a5 33. Rh6+
Kf7 34. Be5 a4 35. a3 Bd7 36. Ke3 c5 37. Kf4 Re8 38. Rd6 Be6 39. Rc6 c4 40.
Rc7+ Kg6 41. c3 Ra8 1/2-1/2

[Event "II ShakkiNet Int. GM-group"]
[Site "Helsinki"]
[Date "2000.07.12"]
[Round "3"]
[White "Karttunen, Mika"]
[Black "Yrjola, Jouni"]
[Result "0-1"]
[WhiteElo "2399"]
[BlackElo "2442"]
[PlyCount "70"]

1. Nf3 d6 2. g3 g6 3. Bg2 Bg7 4. O-O e5 5. e4 c5 6. c3 Nc6 7. a3 a5 8. a4 Nge7
9. Na3 O-O 10. Nb5 d5 11. exd5 Nxd5 12. d3 h6 13. Nd2 Be6 14. Nc4 Rb8 15. Qe2
b6 16. h3 Rb7 17. Bd2 Rd7 18. Rfd1 Nde7 19. Be1 Bf5 20. Bf1 Re8 21. Ne3 Be6 22.
Bg2 f5 23. Rd2 Bf7 24. Qd1 Kh7 25. Qc2 h5 26. g4 Bh6 27. gxf5 gxf5 28. Nxf5
Nxf5 29. Bxc6 Be6 30. Re2 Qg5+ 31. Kh1 Rg8 32. Bd2 Qh4 33. Bg2 Rxg2 34. Kxg2
Rg7+ 35. Kh2 Nd4 0-1

[Event "II ShakkiNet Int. GM-group"]
[Site "Helsinki"]
[Date "2000.07.12"]
[Round "3"]
[White "Nyysti, Sampsa"]
[Black "Anka, Emil"]
[Result "1/2-1/2"]
[WhiteElo "2305"]
[BlackElo "2451"]
[PlyCount "131"]

1. e4 c5 2. Nf3 d6 3. d4 cxd4 4. Nxd4 Nf6 5. Nc3 a6 6. Be3 Ng4 7. Bc1 Nf6 8.
Be3 e6 9. f3 b5 10. Qd2 Nbd7 11. O-O-O Bb7 12. g4 Nb6 13. Bd3 Be7 14. g5 Nfd7
15. h4 Ne5 16. f4 Nbc4 17. Qe2 Nxd3+ 18. cxd3 Nxe3 19. Qxe3 b4 20. Na4 Qa5 21.
b3 O-O 22. Kb1 Rfe8 23. Rc1 e5 24. Nc6 Bxc6 25. Rxc6 exf4 26. Qxf4 Qb5 27. Rc2
Qxd3 28. Rf1 Rec8 29. Qxf7+ Kh8 30. Rff2 Rxc2 31. Rxc2 Qxe4 32. Qc4 Qf5 33. Nb6
Rf8 34. Nd5 Bd8 35. Nxb4 h6 36. gxh6 Bf6 37. hxg7+ Bxg7 38. Nd5 Qe5 39. Nc3 Rf3
40. Kb2 d5 41. Qc6 Rg3 42. Ka3 Rxc3 43. Rxc3 Qxc3 44. Qe8+ Kh7 45. Qh5+ Bh6 46.
Qf7+ Kh8 47. Qe8+ Kg7 48. Qe7+ Kg6 49. Qe6+ Kh5 50. Qxd5+ Kxh4 51. Qh1+ Kg5 52.
Qd5+ Kf6 53. Qd6+ Kg5 54. Qd5+ Kg6 55. Qe6+ Kh7 56. Qe4+ Kg8 57. Qe6+ Kh7 58.
Qe4+ Kg7 59. Qe7+ Kg6 60. Qe6+ Kh5 61. Qe2+ Kg5 62. Qe7+ Kh5 63. Qe2+ Kh4 64.
Qe4+ Kg5 65. Qe7+ Kg6 66. Qe6+ 1/2-1/2

[Event "II ShakkiNet Int. GM-group"]
[Site "Helsinki"]
[Date "2000.07.13"]
[Round "4"]
[White "Sammalvuo, Tapani"]
[Black "Norri, Joose"]
[Result "1-0"]
[WhiteElo "2388"]
[BlackElo "2408"]
[PlyCount "83"]

1. c4 Nf6 2. Nf3 c6 3. Nc3 d5 4. d4 e6 5. Bg5 h6 6. Bh4 dxc4 7. e4 b5 8. e5 g5
9. Nxg5 hxg5 10. Bxg5 Nbd7 11. exf6 Bb7 12. g3 c5 13. d5 Ne5 14. Bg2 Nd3+ 15.
Kf1 Bh6 16. Qh5 e5 17. Qh4 b4 18. Ne4 Qxd5 19. Bxh6 Bc6 20. Bf3 Qd4 21. Kg2
Bxe4 22. Bxe4 Qxf2+ 23. Kh3 Nf4+ 24. Bxf4 Rxh4+ 25. Kxh4 O-O-O 26. Raf1 Qe2 27.
Bf3 Qd3 28. Bc1 Rd4+ 29. Kh3 e4 30. Bg4+ Kb7 31. Re1 Rd8 32. Kg2 Qb1 33. h4
Qxa2 34. Kh3 a5 35. Rxe4 a4 36. Re7+ Kb6 37. Bf4 Ra8 38. Bc7+ Ka6 39. Rd1 c3
40. Rd6+ Kb7 41. Rb6+ Ka7 42. Bd8# 1-0

[Event "II ShakkiNet Int. GM-group"]
[Site "Helsinki"]
[Date "2000.07.13"]
[Round "4"]
[White "Anka, Emil"]
[Black "Solozhenkin, Evgeniy"]
[Result "0-1"]
[WhiteElo "2451"]
[BlackElo "2504"]
[PlyCount "90"]

1. e4 c6 2. d4 d5 3. Nc3 dxe4 4. Nxe4 Bf5 5. Ng3 Bg6 6. h4 h6 7. Nf3 e6 8. Ne5
Bh7 9. Bc4 Nf6 10. Qe2 Nd5 11. Bd2 Nd7 12. O-O-O Nxe5 13. dxe5 Qc7 14. f4 O-O-O
15. Ne4 Be7 16. Qf3 Nb6 17. Bb3 c5 18. c3 Qc6 19. Bc2 Nc4 20. Qe2 Qa6 21. Bb3
b5 22. h5 Rd7 23. Nf2 Nxb2 24. Kxb2 c4 25. a4 cxb3 26. Qxb5 Qxb5 27. axb5 Bc2
28. Be3 Bxd1 29. Nxd1 Rhd8 30. Bd4 Rb7 31. b6 axb6 32. Nf2 Bc5 33. Ne4 Bxd4 34.
cxd4 Rxd4 35. Nd6+ Kb8 36. Nxb7 Kxb7 37. Rf1 Rd3 38. g4 Rg3 39. g5 hxg5 40. f5
Rh3 41. fxe6 fxe6 42. Rd1 Rxh5 43. Rd7+ Kc6 44. Rd6+ Kc5 45. Rxe6 Rh6 0-1

[Event "II ShakkiNet Int. GM-group"]
[Site "Helsinki"]
[Date "2000.07.13"]
[Round "4"]
[White "Yrjola, Jouni"]
[Black "Nyysti, Sampsa"]
[Result "1-0"]
[WhiteElo "2442"]
[BlackElo "2305"]
[PlyCount "45"]

1. d4 Nf6 2. Nf3 c5 3. d5 b5 4. Bg5 Ne4 5. Bf4 Bb7 6. a4 Qa5+ 7. Nbd2 Bxd5 8.
axb5 Qb6 9. Ra4 Nxd2 10. Nxd2 c4 11. e4 Qxb5 12. Qa1 Bc6 13. Rxa7 Rxa7 14. Qxa7
e5 15. Bxc4 Qxb2 16. O-O exf4 17. Rb1 Qe5 18. Rxb8+ Ke7 19. Nf3 Qd6 20. Qb6
Qd1+ 21. Bf1 h6 22. Qd8+ Ke6 23. Qe8+ 1-0

[Event "II ShakkiNet Int. GM-group"]
[Site "Helsinki"]
[Date "2000.07.13"]
[Round "4"]
[White "Sepp, Olav"]
[Black "Agopov, Mikael"]
[Result "0-1"]
[WhiteElo "2439"]
[BlackElo "2399"]
[PlyCount "48"]

1. Nf3 Nf6 2. g3 c5 3. Bg2 Nc6 4. O-O e5 5. d3 d5 6. Nbd2 Be7 7. e4 O-O 8. c3
Qc7 9. h3 Rd8 10. Qe2 Rb8 11. Nh2 dxe4 12. dxe4 b5 13. f4 c4 14. f5 b4 15. Rf3
bxc3 16. bxc3 Ba6 17. Bf1 Qb6+ 18. Kh1 Nd4 19. cxd4 Qxd4 20. Ba3 Qxa1 21. Bxe7
c3 22. Nc4 Rd2 23. Qe3 Bxc4 24. Bxf6 Rbb2 0-1

[Event "II ShakkiNet Int. GM-group"]
[Site "Helsinki"]
[Date "2000.07.14"]
[Round "5"]
[White "Agopov, Mikael"]
[Black "Sammalvuo, Tapani"]
[Result "1-0"]
[WhiteElo "2399"]
[BlackElo "2388"]
[PlyCount "87"]

1. e4 c5 2. Nf3 d6 3. d4 cxd4 4. Nxd4 Nf6 5. Nc3 a6 6. Be3 e5 7. Nb3 Be6 8. f3
h5 9. a4 Nbd7 10. Qd2 Be7 11. Be2 Rc8 12. O-O O-O 13. Rfd1 Qc7 14. Bf1 Nb6 15.
Qf2 Nc4 16. Bxc4 Qxc4 17. Rd2 Qb4 18. Qg3 h4 19. Qe1 h3 20. Bg5 Rfe8 21. gxh3
Bxb3 22. cxb3 Qxb3 23. Bxf6 Bxf6 24. Qg3 Be7 25. h4 Bf8 26. h5 Re6 27. Kh1 Rh6
28. Qg4 Qe6 29. h3 Rc5 30. Rg1 Kh8 31. Nd5 f5 32. exf5 Qf7 33. f6 gxf6 34. Ne3
f5 35. Nxf5 Rc4 36. Nxh6 Bxh6 37. f4 Rc6 38. Qg6 Qf8 39. Qe6 Bxf4 40. Rdg2 Rc8
41. h6 Re8 42. Rg8+ Qxg8 43. Qf6+ Kh7 44. Rg7+ 1-0

[Event "II ShakkiNet Int. GM-group"]
[Site "Helsinki"]
[Date "2000.07.14"]
[Round "5"]
[White "Solozhenkin, Evgeniy"]
[Black "Yrjola, Jouni"]
[Result "1-0"]
[WhiteElo "2504"]
[BlackElo "2442"]
[PlyCount "73"]

1. d4 d6 2. Nf3 g6 3. g3 Bg7 4. Bg2 Nd7 5. O-O e5 6. c4 Ne7 7. Nc3 O-O 8. e4
exd4 9. Nxd4 Nc6 10. Nde2 a5 11. Be3 Nde5 12. b3 a4 13. h3 axb3 14. axb3 Rxa1
15. Qxa1 Nb4 16. Qd1 Re8 17. Nd5 Na6 18. f4 Nd7 19. Bd4 c6 20. Bxg7 Kxg7 21.
Qd4+ Kg8 22. Ndc3 Ndc5 23. Nc1 Ne6 24. Qd2 Qa5 25. Kh2 Qb4 26. Rf3 Nec5 27. Re3
Qa3 28. N3e2 Ne6 29. Rd3 Nac5 30. Rxd6 Nxb3 31. Nxb3 Qxb3 32. f5 gxf5 33. exf5
Ng7 34. f6 Nf5 35. Rd8 Kf8 36. g4 Qe3 37. gxf5 1-0

[Event "II ShakkiNet Int. GM-group"]
[Site "Helsinki"]
[Date "2000.07.14"]
[Round "5"]
[White "Norri, Joose"]
[Black "Anka, Emil"]
[Result "1-0"]
[WhiteElo "2408"]
[BlackElo "2451"]
[PlyCount "145"]

1. d4 Nf6 2. c4 e6 3. Nc3 Bb4 4. e3 c5 5. Bd3 O-O 6. Nf3 d5 7. O-O Nc6 8. a3
Bxc3 9. bxc3 Qc7 10. cxd5 exd5 11. a4 Re8 12. Ba3 c4 13. Bc2 Ne4 14. Qe1 f5 15.
Nh4 Qd8 16. g3 f4 17. f3 Ng5 18. gxf4 Nh3+ 19. Kh1 Nxf4 20. Qg3 Nh5 21. Qf2 Bh3
22. Rg1 Qf6 23. Rab1 b6 24. Rb5 Be6 25. f4 Qf7 26. Nf3 Bf5 27. Ng5 Qd7 28. Bxf5
Qxf5 29. Qg2 Rad8 30. e4 Qf6 31. Qh3 h6 32. Qxh5 hxg5 33. exd5 Qxf4 34. Qxg5
Qe4+ 35. Qg2 Na5 36. d6 Nb7 37. Re5 Qxg2+ 38. Kxg2 Rf8 39. Re6 Rf6 40. Rge1
Nxd6 41. Rxf6 gxf6 42. Re6 Nf5 43. Rxf6 Ne3+ 44. Kf3 Nd5 45. Rc6 Nxc3 46. Rxc4
Nd5 47. Ke4 Kf7 48. Ke5 Rd7 49. Bd6 Ne3 50. Rc7 Rxc7 51. Bxc7 Nc4+ 52. Kd5 Nb2
53. a5 bxa5 54. Bxa5 Kg6 55. Bc7 Kf5 56. Kc5 Nd3+ 57. Kc4 Nb2+ 58. Kb5 Nd3 59.
d5 a6+ 60. Kc4 Nf2 61. d6 Ke6 62. h4 Ng4 63. h5 Nh6 64. Kc5 Nf7 65. Kc6 Kf6 66.
d7 Kg5 67. Kd5 Kxh5 68. Ke6 Kg6 69. Ba5 Ng5+ 70. Ke7 Nf7 71. Bc3 a5 72. Ba1 a4
73. Bc3 1-0

[Event "II ShakkiNet Int. GM-group"]
[Site "Helsinki"]
[Date "2000.07.15"]
[Round "6"]
[White "Sammalvuo, Tapani"]
[Black "Anka, Emil"]
[Result "1-0"]
[WhiteElo "2388"]
[BlackElo "2451"]
[PlyCount "71"]

1. Nf3 Nf6 2. c4 g6 3. Nc3 d5 4. cxd5 Nxd5 5. h4 h6 6. e4 Nxc3 7. dxc3 Qxd1+ 8.
Kxd1 Nd7 9. Bf4 c6 10. a4 Nc5 11. Nd2 Be6 12. Kc2 f5 13. f3 fxe4 14. Be3 Nd7
15. Bd4 Rh7 16. Nxe4 Bg7 17. Bf2 Bf5 18. Re1 Nf6 19. Bd3 Nxe4 20. Bxe4 h5 21.
g4 hxg4 22. fxg4 Bxe4+ 23. Rxe4 e5 24. Bd4 O-O-O 25. Bxa7 Rdh8 26. Bf2 Bf6 27.
Bg3 Bxh4 28. Bxe5 Re8 29. Kd3 Rhe7 30. Rxh4 Rxe5 31. Rxe5 Rxe5 32. Kd4 Re2 33.
b4 Rg2 34. Ke5 Rg3 35. Kf6 Rxc3 36. g5 1-0

[Event "II ShakkiNet Int. GM-group"]
[Site "Helsinki"]
[Date "2000.07.15"]
[Round "6"]
[White "Sepp, Olav"]
[Black "Nyysti, Sampsa"]
[Result "1-0"]
[WhiteElo "2439"]
[BlackElo "2305"]
[PlyCount "153"]

1. e4 c5 2. Nf3 e6 3. d3 Nc6 4. c3 Nf6 5. g3 Be7 6. Bg2 O-O 7. O-O d6 8. a3 c4
9. dxc4 Nxe4 10. Nd4 d5 11. cxd5 exd5 12. Re1 Nxd4 13. cxd4 Bf5 14. Qb3 Bf6 15.
Be3 Qd7 16. Nc3 Rfd8 17. Rac1 h5 18. h4 Nxc3 19. Rxc3 Bh3 20. Bh1 b6 21. Kh2
Qf5 22. Rec1 Bg4 23. Qc2 Qxc2 24. R1xc2 Bf5 25. Rc1 Be4 26. Rc7 a6 27. Rb7 Rab8
28. Ra7 Ra8 29. Rb7 Rab8 30. Ra7 Ra8 31. Rcc7 Rxa7 32. Rxa7 a5 33. Rb7 Bxh1 34.
Kxh1 Rd6 35. Kg2 Kf8 36. Kf3 Ke8 37. Ke2 Bd8 38. Kd3 Rd7 39. Rb8 Ke7 40. Bf4
Ke6 41. Rc8 Kf5 42. Be5 f6 43. Bb8 Kg4 44. Ke2 Re7+ 45. Kf1 Rd7 46. Kg2 Kf5 47.
Kf3 a4 48. Bf4 g5 49. Bd2 Be7 50. Ra8 Rc7 51. Rxa4 Rc2 52. Bc3 Bf8 53. hxg5
fxg5 54. Ra8 g4+ 55. Kg2 Bd6 56. Rh8 Kg6 57. Rg8+ Kf6 58. Rh8 Kg6 59. a4 Be7
60. Rb8 Bf6 61. Kf1 h4 62. gxh4 Bxh4 63. Rxb6+ Kf5 64. Be1 Bf6 65. Rb4 Bd8 66.
Rb5 Ke4 67. a5 Rc1 68. Ke2 Kxd4 69. Rb8 Be7 70. Rb7 Bf8 71. b4 Rc2+ 72. Kf1 Ra2
73. Rf7 Bh6 74. b5 Ra1 75. b6 Bd2 76. b7 Rxe1+ 77. Kg2 1-0

[Event "II ShakkiNet Int. GM-group"]
[Site "Helsinki"]
[Date "2000.07.15"]
[Round "6"]
[White "Agopov, Mikael"]
[Black "Karttunen, Mika"]
[Result "1/2-1/2"]
[WhiteElo "2399"]
[BlackElo "2399"]
[PlyCount "103"]

1. Nf3 Nf6 2. c4 c6 3. d4 d5 4. Nc3 dxc4 5. a4 Na6 6. e4 Bg4 7. Bxc4 Bxf3 8.
gxf3 e6 9. Be3 Nb4 10. O-O Be7 11. f4 Qa5 12. Kh1 Rd8 13. Rg1 c5 14. e5 cxd4
15. Bxd4 Nc6 16. Nb5 Nxd4 17. Nxd4 Qb6 18. Bb5+ Kf8 19. exf6 Bxf6 20. Nxe6+
fxe6 21. Qe2 a6 22. Bc4 Rd6 23. f5 exf5 24. Rad1 g6 25. Rxd6 Qxd6 26. Rd1 Bd4
27. Qd3 Qc6+ 28. Kg1 Bf6 29. b3 Kg7 30. Qd7+ Kh6 31. Qxc6 bxc6 32. Rd6 Bc3 33.
Bxa6 c5 34. Bb5 Kg5 35. Kg2 Kf4 36. h3 Ra8 37. Rd7 h5 38. Rd6 Rg8 39. Rc6 Bb4
40. Rf6 Bc3 41. Rc6 Bb4 42. Bc4 Rg7 43. Be6 h4 44. Rd6 Bc3 45. Bc4 Bb4 46. Rf6
Bc3 47. Rc6 Bb4 48. Be6 Re7 49. Bc8 Re8 50. Bd7 Rd8 51. Bc8 Re8 52. Bd7 1/2-1/2

[Event "II ShakkiNet Int. GM-group"]
[Site "Helsinki"]
[Date "2000.07.16"]
[Round "7"]
[White "Karttunen, Mika"]
[Black "Sammalvuo, Tapani"]
[Result "1-0"]
[WhiteElo "2399"]
[BlackElo "2388"]
[PlyCount "59"]

1. d4 g6 2. Nf3 Bg7 3. g3 Nf6 4. Bg2 O-O 5. O-O c5 6. e3 Qc7 7. b3 d5 8. Bb2
cxd4 9. exd4 Bf5 10. Na3 Nc6 11. Ne5 Rfd8 12. Nxc6 Qxc6 13. Qe2 Rd7 14. Rfe1
Bg4 15. f3 Bf5 16. c3 Ne8 17. g4 Be6 18. Nc2 Bh6 19. Nb4 Qc8 20. Nd3 Rc7 21.
Rad1 Ng7 22. h4 f6 23. g5 fxg5 24. Bc1 Bf5 25. hxg5 Ne6 26. gxh6 Rxc3 27. Nb4
Qd7 28. Qe5 Rd8 29. Nd3 Qd6 30. Nc5 1-0

[Event "II ShakkiNet Int. GM-group"]
[Site "Helsinki"]
[Date "2000.07.16"]
[Round "7"]
[White "Nyysti, Sampsa"]
[Black "Agopov, Mikael"]
[Result "0-1"]
[WhiteElo "2305"]
[BlackElo "2399"]
[PlyCount "76"]

1. e4 c5 2. Nf3 Nc6 3. d4 cxd4 4. Nxd4 g6 5. c4 Bg7 6. Be3 Nf6 7. Nc3 O-O 8.
Be2 d6 9. O-O Bd7 10. f3 Nxd4 11. Bxd4 a5 12. Qd2 Bc6 13. b3 Nd7 14. Be3 Nc5
15. Rab1 f5 16. exf5 gxf5 17. a3 f4 18. Bf2 b6 19. b4 axb4 20. axb4 Nd7 21. Nd5
Be5 22. Bd3 e6 23. Nc3 Ra3 24. Nb5 Bxb5 25. cxb5 d5 26. Rbc1 Qe7 27. Rc6 Rfa8
28. Rfc1 Ra2 29. Qe1 Rb2 30. Bh4 Qg7 31. R1c2 Rxc2 32. Bxc2 Ra1 33. Bb1 Bd4+
34. Kh1 Be3 35. Rc2 Nf8 36. Ra2 Ng6 37. Bd8 Qc3 38. Qf1 Qc4 0-1

[Event "II ShakkiNet Int. GM-group"]
[Site "Helsinki"]
[Date "2000.07.16"]
[Round "7"]
[White "Solozhenkin, Evgeniy"]
[Black "Sepp, Olav"]
[Result "0-1"]
[WhiteElo "2504"]
[BlackElo "2439"]
[PlyCount "60"]

1. d4 Nf6 2. c4 g6 3. g3 Bg7 4. Bg2 O-O 5. Nc3 d6 6. Nf3 c5 7. O-O Nc6 8. d5
Na5 9. Nd2 e6 10. Qc2 Rb8 11. b3 b5 12. dxe6 bxc4 13. exf7+ Rxf7 14. bxc4 Bf5
15. e4 Be6 16. Rb1 Nxc4 17. Nf3 Rxb1 18. Qxb1 h6 19. Rd1 Nd7 20. Qb3 Qf6 21.
Nd5 Bxd5 22. exd5 Nce5 23. Nxe5 Qxf2+ 24. Kh1 Nxe5 25. Bf4 Qe2 26. Qb1 Rb7 27.
Bf1 Qf3+ 28. Bg2 Qh5 29. Qc2 Rb2 30. g4 Nxg4 0-1

[Event "II ShakkiNet Int. GM-group"]
[Site "Helsinki"]
[Date "2000.07.17"]
[Round "8"]
[White "Sammalvuo, Tapani"]
[Black "Yrjola, Jouni"]
[Result "1-0"]
[WhiteElo "2388"]
[BlackElo "2442"]
[PlyCount "69"]

1. Nf3 d6 2. c4 e5 3. Nc3 f5 4. d3 Nf6 5. g3 Be7 6. Bg2 O-O 7. O-O Qe8 8. c5
Kh8 9. Bg5 c6 10. cxd6 Bxd6 11. Rc1 Na6 12. e4 fxe4 13. Nxe4 Nxe4 14. dxe4 Bc5
15. Qb3 Bb6 16. Qc3 Bg4 17. Nxe5 Be2 18. Nc4 Bxf1 19. Rxf1 Nc5 20. e5 Qe6 21.
b3 Nd7 22. Bc1 Bc5 23. b4 Be7 24. f4 b5 25. Ne3 Rac8 26. Bb2 c5 27. f5 Qh6 28.
f6 cxb4 29. Qd3 Bc5 30. Qxd7 Bxe3+ 31. Kh1 gxf6 32. exf6 Bd2 33. Qg7+ Qxg7 34.
fxg7+ Kg8 35. Bd5+ 1-0

[Event "II ShakkiNet Int. GM-group"]
[Site "Helsinki"]
[Date "2000.07.17"]
[Round "8"]
[White "Gavrikov, Viktor"]
[Black "Anka, Emil"]
[Result "1/2-1/2"]
[WhiteElo "2549"]
[BlackElo "2451"]
[PlyCount "102"]

1. Nf3 Nf6 2. c4 b6 3. g3 Bb7 4. Bg2 e6 5. O-O Be7 6. Nc3 O-O 7. Re1 d5 8. cxd5
Nxd5 9. e4 Nxc3 10. bxc3 c5 11. d4 cxd4 12. cxd4 Nc6 13. d5 exd5 14. exd5 Na5
15. Ne5 Rc8 16. Rb1 Bd6 17. Bb2 Nc4 18. Nxc4 Rxc4 19. Bf1 Rc7 20. Qh5 f6 21.
Bg2 Re7 22. Qf5 Qc8 23. Qd3 Rfe8 24. Rxe7 Rxe7 25. Be4 h6 26. Rc1 Qe8 27. Bg6
Re1+ 28. Kg2 Qe2 29. Rxe1 Qxe1 30. Bc3 Qe6 31. Be4 f5 32. Bf3 Qf7 33. h4 g5 34.
Qd4 Kf8 35. hxg5 hxg5 36. Kg1 g4 37. Bg2 Ke7 38. Qa4 a6 39. Qb3 b5 40. a4 Qe8
41. Qb1 Qd7 42. axb5 axb5 43. Qe1+ Kd8 44. Qd2 Kc8 45. Bb4 Kb8 46. Bxd6+ Qxd6
47. Qd3 f4 48. gxf4 Qxf4 49. Qxb5 g3 50. Qe8+ Bc8 51. fxg3 Qxg3 1/2-1/2

[Event "II ShakkiNet Int. GM-group"]
[Site "Helsinki"]
[Date "2000.07.17"]
[Round "8"]
[White "Sepp, Olav"]
[Black "Norri, Joose"]
[Result "1-0"]
[WhiteElo "2439"]
[BlackElo "2408"]
[PlyCount "85"]

1. e4 e5 2. Nf3 Nc6 3. d4 exd4 4. Nxd4 Qf6 5. Nxc6 Bc5 6. Qd2 dxc6 7. Nc3 Bd4
8. Bd3 Be6 9. O-O O-O-O 10. Ne2 Bxb2 11. Bxb2 Qxb2 12. a4 Qe5 13. a5 Qc5 14. a6
b6 15. c3 Nf6 16. Nd4 Rhe8 17. Qc2 Bc4 18. Bxc4 Qxc4 19. Ra4 Qc5 20. Re1 Nd5
21. Ne2 b5 22. Rd4 Nb6 23. Qd3 Rxd4 24. Nxd4 h5 25. Qf3 f6 26. h4 Nc4 27. Qh3+
f5 28. Nxf5 Kb8 29. Nxg7 Rf8 30. Re2 Qd6 31. Ne6 Re8 32. Ng7 Rc8 33. Re1 Qd2
34. Rf1 Ne5 35. Ne6 Rg8 36. Nd4 Qf4 37. Qe6 Qg4 38. Qxg4 hxg4 39. h5 Rh8 40. f4
gxf3 41. gxf3 Rxh5 42. f4 Nc4 43. Nxc6+ 1-0

[Event "II ShakkiNet Int. GM-group"]
[Site "Helsinki"]
[Date "2000.07.17"]
[Round "8"]
[White "Agopov, Mikael"]
[Black "Solozhenkin, Evgeniy"]
[Result "1/2-1/2"]
[WhiteElo "2399"]
[BlackElo "2504"]
[PlyCount "77"]

1. e4 e5 2. Nf3 Nf6 3. Nxe5 d6 4. Nf3 Nxe4 5. d4 d5 6. Bd3 Bd6 7. O-O O-O 8. c4
c6 9. Nc3 Nxc3 10. bxc3 dxc4 11. Bxc4 Bg4 12. Qd3 Bh5 13. Ne5 b5 14. Qh3 bxc4
15. Qxh5 Qa5 16. Bd2 Qd5 17. Qe2 Re8 18. Be3 Bxe5 19. dxe5 Qxe5 20. Qxc4 Qe4
21. Qxe4 Rxe4 22. Rfd1 Na6 23. Rd7 Rc4 24. Rb1 Rxc3 25. g3 h6 26. Rbb7 Nc5 27.
Rxa7 Rxa7 28. Rxa7 Nd3 29. a4 Ra3 30. a5 c5 31. a6 g5 32. g4 Kg7 33. Ra8 Nf4
34. h4 Ne6 35. h5 Ra4 36. f3 Nc7 37. Rc8 Nxa6 38. Bxc5 Nxc5 39. Rxc5 1/2-1/2